[Event "FRA-ch U20"]
[Site "Hyeres"]
[Date "2019.04.15"]
[Round "2"]
[White "Eugene, Floryan"]
[Black "Gits, Alexis"]
[Result "1-0"]
[WhiteElo "2294"]
[BlackElo "1945"]
[PlyCount "80"]
[EventDate "2019.04.14"]
[EventType "swiss"]
[EventRounds "9"]
[EventCountry "FRA"]
[SourceTitle "CBM 190 Extra"]
[Source "ChessBase"]
[SourceDate "2019.07.15"]
[SourceVersion "1"]
[SourceVersionDate "2019.07.15"]
[SourceQuality "1"]

1. e4 e5 2. Nf3 d6 3. Bc4 Be7 4. 0-0 Nf6 5. d3 Nc6 6. a4 0-0 7. c3 Bg4 8. h3 Bh5 9. Nbd2 Qd7 10. Re1 Bg6 11. Nf1 Rfe8 12. Ng3 Bf8 13. Nh4 d5 14. exd5 Nxd5 15. Nxg6 hxg6 16. a5 Nf4 17. Qf3 g5 18. Ne4 Qf5 19. a6 Nd8 20. Nxg5 Qxg5 21. Bxf4 Qf6 22. d4 Rb8 23. Bxe5 Qxf3 24. gxf3 bxa6 25. b4 Nc6 26. Rxa6 Nxe5 27. dxe5 c5 28. Rxa7 Re7 29. Rxe7 Bxe7 30. b5 Kf8 31. Ra1 f6 32. f4 g5 33. Ra7 gxf4 34. exf6 Bd6 35. Rg7 Ke8 36. Bd5 Bf8 37. Bc6+ Kd8 38. Rd7+ Kc8 39. Rf7 Bd6 40. c4 Be5 1-0